Tiếng Anh chuyên ngành vật lý

Spremljeno u:
Bibliografski detalji
Glavni autor: Lê, Đình
Format: Knjiga
Izdano: Huế Đại học sư phạm 2001
Serija:ĐTTS ghi: Đại học Huế. Trường Đại học Sư phạm
Teme:
Oznake: Dodaj oznaku
Bez oznaka, Budi prvi tko označuje ovaj zapis!
Thư viện lưu trữ: Trung tâm Học liệu Lê Vũ Hùng, Trường Đại học Đồng Tháp
LEADER 00728pam a22002178a 4500
001 00030437
005 20171026081023.0
008 130306s2001 |||||| sd
082 1 4 |a 530.071  |b T306A 
100 1 # |a Lê, Đình 
245 1 0 |a Tiếng Anh chuyên ngành vật lý  |c Lê Đình 
260 # # |a Huế  |b Đại học sư phạm  |c 2001 
300 # # |a 144 tr.  |c 28 cm. 
490 # # |a ĐTTS ghi: Đại học Huế. Trường Đại học Sư phạm 
653 # # |a Chuyên ngành 
653 # # |a Tiếng Anh 
653 # # |a Vật lý 
852 # # |b Kho đọc  |j KD.0010417 
852 # # |j KD.0010417 
910 |d 06/03/2013 
980 # # |a Trung tâm Học liệu Lê Vũ Hùng, Trường Đại học Đồng Tháp